The triad : promoting a system of shared responsibility : issues for reauthorization of the Higher Education Act : hearing of the Committee on Health, Education, Labor, and Pensions, United States Senate, One Hundred Thirteenth Congress, first session ... September 19, 2013.
| Corporate Author: | |
|---|---|
| Format: | Government Document eBook |
| Language: | English |
| Published: |
Washington :
U.S. Government Publishing Office,
2016.
|
| Series: | S. hrg. ;
113-815 |
| Subjects: | |
| Online Access: | PDF version: Text version: PDF version: Text version: |
MARC
| Tag | First Indicator | Second Indicator | Subfields |
|---|---|---|---|
| LEADER | 00000cam a2200000 i 4500 | ||
| 001 | in00003734621 | ||
| 005 | 20210514091504.0 | ||
| 006 | m o d f | ||
| 007 | cr b|||||m|||| | ||
| 008 | 160926s2016 dcu o f000 0 eng c | ||
| 035 | |a (OCoLC)ocn959237110 | ||
| 042 | |a pcc | ||
| 043 | |a n-us--- | ||
| 040 | |a GPO |b eng |e rda |e pn |c GPO |d GPO |d MvI | ||
| 049 | |a WWW | ||
| 050 | 1 | 4 | |a KF26 |b .L27 2013q |
| 074 | |a 1043-C (online) | ||
| 086 | 0 | |a Y 4.L 11/4:S.HRG.113-815 | |
| 110 | 1 | |a United States. |b Congress. |b Senate. |b Committee on Health, Education, Labor, and Pensions, |e author. | |
| 245 | 1 | 4 | |a The triad : |b promoting a system of shared responsibility : issues for reauthorization of the Higher Education Act : hearing of the Committee on Health, Education, Labor, and Pensions, United States Senate, One Hundred Thirteenth Congress, first session ... September 19, 2013. |
| 264 | 1 | |a Washington : |b U.S. Government Publishing Office, |c 2016. | |
| 300 | |a 1 online resource (iii, 65 pages). | ||
| 336 | |a text |b txt |2 rdacontent | ||
| 337 | |a computer |b c |2 rdamedia | ||
| 338 | |a online resource |b cr |2 rdacarrier | ||
| 490 | 1 | |a S. hrg. ; |v 113-815 | |
| 500 | |a Title from title screen (viewed on Sept. 26, 2016). | ||
| 500 | |a Paper version available for sale by the Superintendent of Documents, U.S. Government Publishing Office. | ||
| 610 | 1 | 0 | |a United States. |t Higher Education Act of 1965. |
| 650 | 0 | |a Education, Higher |z United States |x Finance. | |
| 650 | 0 | |a Federal aid to higher education |z United States. | |
| 650 | 0 | |a Universities and colleges |z United States |x Administration. | |
| 655 | 7 | |a Legislative hearings. |2 lcgft | |
| 776 | 0 | 8 | |i Print version: |a United States. Congress. Senate. Committee on Health, Education, Labor, and Pensions. |t Triad |w (DLC) 2016436021 |w (OCoLC)960353759 |
| 776 | 0 | 8 | |i Microfiche version: |a United States. Congress. Senate. Committee on Health, Education, Labor, and Pensions. |t Triad |w (OCoLC)985516221 |
| 810 | 1 | |a United States. |b Congress. |b Senate. |t S. hrg. ; |v 113-815. | |
| 856 | 4 | 0 | |3 PDF version: |u https://purl.fdlp.gov/GPO/gpo72776 |t 0 |
| 856 | 4 | 0 | |3 Text version: |u https://purl.fdlp.gov/GPO/gpo72777 |t 0 |
| 856 | 4 | 0 | |3 PDF version: |u http://purl.fdlp.gov/GPO/gpo72776 |t 0 |
| 856 | 4 | 0 | |3 Text version: |u http://purl.fdlp.gov/GPO/gpo72777 |t 0 |
| 999 | f | f | |s f68d08fc-c6dc-39c5-b902-41670e175715 |i 07d426ad-ad95-3ba6-886b-fcd3c1cf66e5 |t 0 |
| 952 | f | f | |a Texas A&M University |b College Station |c Electronic Resources |d Available Online |t 0 |e Y 4.L 11/4:S.HRG.113-815 |h Superintendent of Documents classification |
| 998 | f | f | |a Y 4.L 11/4:S.HRG.113-815 |t 0 |l Available Online |